000 00729nas a2200229 454500
001 39085
005 20260407193510.0
008 260407s1999####ag###########|||spa#d
003 AR-UNSa-BCEJYS
040 _aAR-UNSa-BCEJYS
_bspa
_cAR-UNSa-BCEJYS
080 _a330
_xEconomía en general
245 1 0 _aAnales de la Facultad de Ciencias Económicas de la Universidad Nacional de Lomas de Zamora
264 1 _aBuenos Aires :
_bUniversidad Nacional de Lomas de Zamora. Facultad de Ciencias Económicas
_c1999
310 _aFrecuencia: Anual
041 _aspa
942 _cSER
590 _aniveau_biblio:s niveau_hierar:1
100 1 _aLambiase, Carlos
650 _aAdministración
650 _aEducación
650 _aECONOMIA
999 _c8830
_d8830